| 000 | 02001nkc a22003257a 4500 | ||
|---|---|---|---|
| 001 | 85801 | ||
| 005 | 20260420104544.0 | ||
| 007 | kh boc | ||
| 008 | 260415s18801920sp ||||| |||| |0| i|spa d | ||
| 040 |
_aM-RABA _bspa _cM-RABA |
||
| 245 | 0 | 1 |
_a[Portadas de iglesias _b: románico y transición al gótico] _h[Material gráfico] |
| 260 | _c[ca.1880-1920] | ||
| 300 |
_a4 fotografías _b: aristotipo _c; imagen 23,5 x 16,5 cm _c; soporte secundario 29,5 x 21,5 cm |
||
| 500 | 0 | 0 | _aConjunto de 4 fotografías que representan diferentes arcos y portadas de iglesias románicas y góticas en España. |
| 500 | 0 | 0 | _aMención de responsabilidad impresa en el soporte secundario de Fot-642 "Álvarez". |
| 500 | 0 | 0 | _aNota manuscrita a tinta al verso : "Segovia. Sª Juan?" (Fot-641) |
| 500 | 0 | 0 | _aFechas tomadas del periodo de actividad de la técnica. |
| 505 | _aFot-641: Iglesia de San Juan de los Caballeros (Segovia); Fot-642: Portada del antiguo Monasterio de Villanueva (Covadonga). | ||
| 610 | 2 | 7 |
_aIglesia de San Juan de los Caballeros ( _cSegovia, España) _933275 |
| 610 | 2 | 7 |
_aMonasterio de San Pedro ( _cVillanueva, España) _927351 |
| 651 | 7 |
_aSegovia _2embne _975467 |
|
| 651 | 7 |
_aCovadonga (Asturias, España) _974883 |
|
| 655 | 0 |
_aFotografías de monumentos _9111580 |
|
| 852 | _jFot-641; Fot-642; Fot-643; Fot-644 | ||
| 856 |
_uhttps://archivoybiblioteca.realacademiabellasartessanfernando.com/cgi-bin/koha/opac-retrieve-file.pl?id=8b358282d5e89e30c84cb62eedda4a4f _yFot-641 |
||
| 856 |
_uhttps://archivoybiblioteca.realacademiabellasartessanfernando.com/cgi-bin/koha/opac-retrieve-file.pl?id=e6583df48a14bf43cf05d69bafdd3d50 _yFot-642 |
||
| 856 |
_uhttps://archivoybiblioteca.realacademiabellasartessanfernando.com/cgi-bin/koha/opac-retrieve-file.pl?id=a60196b8fb169a0aa0f501498e22f0d5 _yFot-643 |
||
| 856 |
_uhttps://archivoybiblioteca.realacademiabellasartessanfernando.com/cgi-bin/koha/opac-retrieve-file.pl?id=53023484147c18e3f440cb5d90afb1bc _yFot-644 |
||
| 942 |
_cFOTOGRAFÍA _n0 |
||
| 999 |
_c85801 _d85801 |
||